00360nam a2200157Ia 4500008004100000020001800041050001400059100001800073245002600091245002100117260001500138260001600153260000900169300001600178500000800194170918s9999 xx 000 0 und d a9780545492331 bL334 2011 aLarson, Kirby 4aThe friendship doll / cby Kirby Larson. aNew York : bScholastic, c2011 a201 pages : a760